01671cam a22004454i 4500003000900000005001700009008004100026035001900067040003300086082001700119100002900136245004600165264005200211300000500263336002100268337002500289338002300314505070000337526001001037526001001047526001001057526001001067526001001077526000901087526000901096526000901105526000901114526000901123526000901132526000901141526000901150526000901159526000901168526000801177526000801185526000801193526000801201526000801209526000801217PE-LiUPU20250731170435.0150625s1991 sp r 000 0 spa d a(Sirsi) a30921 aPE-LiUPUbspacPE-LiUPUerda04a123.3bE2211 aHegel, G. W. F.,eautor.10aEscritos pedagógicos /cG. W. F. Hegel. 1aMadrid :bFondos de cultura económica,c1991. a atext2rdacontent aunmediated2rdamedia avolume2rdacarrier0 aHegel y el problema de la educación. - Discursos de Nuremberg: Discurso del 29 de setiembre de 1809, Discurso del 14 de setiembre de 1810, Discurso del 2 de setiembre de 1811, Discurso del 2 de setiembre de 1813, Discurso del 30 de agosto de 1815. - Informes pedagógicos: Acerca de la exposición de la filosofía en los gimnasios, Acerca de la enseñanza de la filosofía en los gimnasios, Acerca de la exposición de la filosofia en universidades, Informe acerca de la posición del instituto real respecto a los demas institutos de enseñanza. - Apéndices: Carta de Hegel a Niethammer, Teoria del derecho, los deberes y la religión para la clase inferior. Deberes para consigo. aSEG68 aSEG70 aSEG69 aSEG67 aSEG43 aP144 aP143 aP131 aP122 aP120 aP117 aP112 aP110 aP106 aP101 aP80 aP59 aP54 aP35 aP33 aP30